000 00501nam a2200181Ia 4500
008 090123s9999 xx 000 0 und d
082 _b17932
100 _aचिटणीस अशोक
245 _aसाप शिडी
250 _a0
260 _bअनघा प्रकाशन
300 _a128
600 _aचिटणीस अशोक
630 _aसाप शिडी
700 _aचिटणीस अशोक
730 _aसाप शिडी
942 _cBOOK
999 _c55992
_d55992